000 00378nam a2200133Ia 4500
008 220216s9999 xx 000 0 und d
100 _aBeeley F
245 0 _aTest spraying experiments on young rubber plants
260 _bRubber Research Institute of Malaya Quarterly Journal
_c1930
300 _a214-225
650 _aSpraying
650 _aYoung rubber plants
942 _cJS
999 _c70405
_d70405